| 000 | 00000nam##2200000za#4500 |
| 001 | 9.619128 |
| 003 | CaOODSP |
| 005 | 20210615103259 |
| 007 | ta |
| 008 | 150406|2008||||xxc||||| f|0| 0 eng|d |
| 020 | |a978-1-100-11244-2 |
| 040 | |aCaOODSP|beng |
| 043 | |an-cn--- |
| 086 | 1 |aH113-26/2008-5E |
| 110 | 1 |aCanada. |bPest Management Regulatory Agency. |
| 245 | 10|aCarfentrazone-ethyl |
| 260 | |aOttawa - Ontario : |bHealth Canada. |c23 December 2008. |
| 300 | |a77p. : |bfigs., tables ; |c28 cm. |
| 490 | 1 |aEvaluation report |vERC2008-05 |
| 563 | |aProcessed |
| 590 | |a09-07|b2009-02-13 |
| 775 | 08|tCarfentrazone-éthyle |w(CaOODSP)9.628081 |
| 776 | 0#|tCarfentrazone-ethyl |w(CaOODSP)9.565158 |
| 830 | #0|aEvaluation report ;|vERC2008-05|w(CaOODSP)9.515516 |